[Event "Vienna State-chC"]
[Site "Vienna"]
[Date "2022.09.23"]
[Round "7"]
[White "Sassmann, Roland"]
[Black "Roehrbacher, Franz"]
[Result "1/2-1/2"]
[WhiteElo "1280"]
[BlackElo "1673"]
[PlyCount "67"]
[EventDate "2022.09.17"]
[EventType "swiss"]
[EventRounds "9"]
[EventCountry "AUT"]
[SourceTitle "CBM 210 Extra"]
[Source "ChessBase"]
[SourceDate "2022.11.30"]
[SourceVersion "1"]
[SourceVersionDate "2022.11.30"]
[SourceQuality "1"]

1. e4 e5 2. Nf3 Nc6 3. Bc4 Bc5 4. 0-0 Nf6 5. Nc3 d6 6. h3 a6 7. d3 h6 8. Be3 Ba7 9. Bxa7 Rxa7 10. d4 exd4 11. Nxd4 Nxd4 12. Qxd4 c5 13. Qe3 b5 14. Be2 Re7 15. f3 Bb7 16. Qd2 0-0 17. Rfd1 Rd7 18. Qf4 d5 19. exd5 Nxd5 20. Nxd5 Rxd5 21. Rxd5 Qxd5 22. b3 Qe6 23. Bd3 Rd8 24. Qc7 Qc8 25. Qxc8 Bxc8 26. Rd1 Kf8 27. Be2 Rxd1+ 28. Bxd1 Ke7 29. Kf2 Kd6 30. Ke3 Bf5 31. a3 Kd5 32. c3 a5 33. g4 Be6 34. Be2 1/2-1/2

[Event "Vienna State-chC"]
[Site "Vienna"]
[Date "2022.09.21"]
[Round "5"]
[White "Sassmann, Roland"]
[Black "Giefing, Josef"]
[Result "0-1"]
[WhiteElo "1280"]
[BlackElo "1771"]
[PlyCount "88"]
[EventDate "2022.09.17"]
[EventType "swiss"]
[EventRounds "9"]
[EventCountry "AUT"]
[SourceTitle "CBM 210 Extra"]
[Source "ChessBase"]
[SourceDate "2022.11.30"]
[SourceVersion "1"]
[SourceVersionDate "2022.11.30"]
[SourceQuality "1"]

1. e4 e6 2. d4 d5 3. exd5 exd5 4. Nf3 Bd6 5. Be2 Ne7 6. 0-0 0-0 7. Bg5 f6 8. Bh4 Nf5 9. Bg3 Nxg3 10. fxg3 c5 11. c3 Nc6 12. Nbd2 Qb6 13. Qb3 c4 14. Qxb6 axb6 15. Nh4 Ne7 16. Bd1 g5 17. Nhf3 Nf5 18. Re1 Bd7 19. Bc2 Rfe8 20. Rxe8+ Rxe8 21. Re1 Rxe1+ 22. Nxe1 g4 23. Kf2 b5 24. Bd1 h5 25. Nc2 Kg7 26. Ne3 Ne7 27. h3 f5 28. hxg4 hxg4 29. Bc2 Kf6 30. b3 Kg5 31. b4 f4 32. gxf4+ Bxf4 33. g3 Bxe3+ 34. Kxe3 Bf5 35. Bd1 Bd3 36. a4 Nf5+ 37. Kf2 Nd6 38. a5 Kf5 39. Nf1 Ne4+ 40. Kg1 Bxf1 41. Kxf1 Nxc3 42. Bc2+ Kg5 43. Kf2 Na2 44. Ke3 Nxb4 0-1

[Event "Vienna State-chC"]
[Site "Vienna"]
[Date "2022.09.20"]
[Round "4"]
[White "Gockner, Hans"]
[Black "Sassmann, Roland"]
[Result "0-1"]
[WhiteElo "1592"]
[BlackElo "1280"]
[PlyCount "90"]
[EventDate "2022.09.17"]
[EventType "swiss"]
[EventRounds "9"]
[EventCountry "AUT"]
[SourceTitle "CBM 210 Extra"]
[Source "ChessBase"]
[SourceDate "2022.11.30"]
[SourceVersion "1"]
[SourceVersionDate "2022.11.30"]
[SourceQuality "1"]

1. e4 e5 2. Nf3 Nf6 3. Nxe5 Qe7 4. d4 d6 5. Nd3 Qxe4+ 6. Be3 Nd5 7. Nd2 Nxe3 8. fxe3 Qxe3+ 9. Be2 Bg4 10. Nf2 Bxe2 11. Qxe2 Qxe2+ 12. Kxe2 Be7 13. Rhe1 0-0 14. Kf1 Bf6 15. c3 Nc6 16. Nde4 Be7 17. Ng3 Bh4 18. Nf5 Bxf2 19. Kxf2 Rfe8 20. Rf1 Re4 21. Kg1 Re2 22. Rab1 g6 23. Nh6+ Kg7 24. Nxf7 Rf8 25. Ng5 h6 26. Nf3 Na5 27. b4 Nc4 28. Rfe1 Rxa2 29. d5 Nd2 30. Re7+ Rf7 31. Rxf7+ Kxf7 32. Nxd2 Rxd2 33. Ra1 a6 34. Rf1+ Ke7 35. Re1+ Kd8 36. c4 Rc2 37. Re6 Rxc4 38. Rxg6 Rxb4 39. Rg8+ Kd7 40. Rg7+ Ke8 41. Rxc7 a5 42. Rh7 a4 43. Rxh6 a3 44. Re6+ Kd7 45. Re2 Rb2 0-1

[Event "Vienna State-chC"]
[Site "Vienna"]
[Date "2022.09.19"]
[Round "3"]
[White "Sassmann, Roland"]
[Black "Gerhold, Paul"]
[Result "0-1"]
[WhiteElo "1280"]
[BlackElo "1223"]
[PlyCount "36"]
[EventDate "2022.09.17"]
[EventType "swiss"]
[EventRounds "9"]
[EventCountry "AUT"]
[SourceTitle "CBM 210 Extra"]
[Source "ChessBase"]
[SourceDate "2022.11.30"]
[SourceVersion "1"]
[SourceVersionDate "2022.11.30"]
[SourceQuality "1"]

1. e4 c5 2. Nf3 Nc6 3. Nc3 g6 4. Bc4 Bg7 5. 0-0 Nf6 6. d3 Qb6 7. Rb1 0-0 8. Be3 Qc7 9. h3 d6 10. Qd2 Bd7 11. Bh6 Qc8 12. Qg5 Bxh3 13. Bxg7 Bxg2 14. Bxf8 Bxf3 15. Bxe7 Qh3 16. Bxf7+ Kxf7 17. Qxf6+ Kg8 18. Qe6+ Qxe6 0-1

[Event "Vienna State-chC"]
[Site "Vienna"]
[Date "2022.09.18"]
[Round "2"]
[White "Gerold, Arnold"]
[Black "Sassmann, Roland"]
[Result "1/2-1/2"]
[WhiteElo "1708"]
[BlackElo "1280"]
[PlyCount "50"]
[EventDate "2022.09.17"]
[EventType "swiss"]
[EventRounds "9"]
[EventCountry "AUT"]
[SourceTitle "CBM 210 Extra"]
[Source "ChessBase"]
[SourceDate "2022.11.30"]
[SourceVersion "1"]
[SourceVersionDate "2022.11.30"]
[SourceQuality "1"]

1. e4 e5 2. Nf3 Nf6 3. Bc4 Nc6 4. d4 exd4 5. e5 Ng4 6. Bf4 d6 7. exd6 Bxd6 8. Bxd6 Qxd6 9. 0-0 0-0 10. h3 Nge5 11. Nxe5 Nxe5 12. Bb3 c5 13. f4 Nc6 14. Nd2 b6 15. Nc4 Qc7 16. Qd2 Ba6 17. c3 dxc3 18. Qxc3 b5 19. Ne5 Nxe5 20. Qxe5 Qxe5 21. fxe5 c4 22. Bc2 Rfe8 23. Rfe1 Rad8 24. Re2 g6 25. Kf2 Re6 1/2-1/2